Government Securities and Debt Management in the 1990s

Uložené v:
Podrobná bibliografia
Hlavný autor: Bröker, Günther
Médium: Kniha
Jazyk:English
Vydavateľské údaje: Paris OECD 1993
Vydanie:1. ed.
Predmet:
Tagy: Pridať tag
Žiadne tagy, Buďte prvý, kto otaguje tento záznam!

MARC

LEADER 00000nam a2200000 4500
001 c005132
005 20240422074118.2
020 |a 92-64-14011-5 
041 0 |a eng 
044 |a FR 
245 1 0 |a Government Securities and Debt Management in the 1990s  |c Günther Bröker 
250 |a 1. ed. 
264 1 |a Paris  |b OECD  |c 1993 
300 |a 226 s. 
610 2 0 |a vláda 
610 2 0 |a dlhy verejné 
610 2 0 |a dlhy štátne 
610 2 0 |a papiere cenné 
610 2 0 |a trh finančný 
610 2 0 |a manažment 
610 2 0 |a nástroje finančné 
610 2 0 |a technika predaja 
610 2 0 |a obligácie 
610 2 0 |a regulácia trhu 
100 1 |a Bröker, Günther